000 00610nam a2200229 4500
003 OSt
005 20260601170955.0
008 260506b1970\\\\enga||||\||||\00|\0\eng\d
040 _aICI
_beng
_cICI
041 _aeng
050 _aNA9052
_bM34
100 1 _aMalt, Harold Lewis,
_bautor
_930435
245 1 _aFurnishing the city/
264 _aNew York
_bMcGraw-Hill,
_c1970
300 _a254 páginas
336 _atexto
_2rdacontent
337 _asin medio
_2rdamedia
338 _avolumen
_2rdacarrier
650 _aUrbanismo
_y1945-
_930436
650 _aEmbellecimiento urbano
_930437
942 _2lcc
_cB
_n1
999 _c19801
_d19801